[Event "FIDE WCCC U12 2018"]
[Site "Santiago de Compostela"]
[Date "2018.11.13"]
[Round "9"]
[White "Nathan, Krishna"]
[Black "Yu, Jason"]
[Result "1-0"]
[WhiteElo "1895"]
[BlackElo "2097"]
[Annotator "NA RC"]
[PlyCount "103"]
[EventDate "2018.11.04"]
[EventType "swiss"]
[EventCountry "ESP"]
[SourceTitle "playchess.com"]
[Source "ChessBase"]
[SourceQuality "1"]
[TimeControl "40/5400+30:1800+30"]

{[%evp 16,103,44,18,34,32767,28,20,32767,32767,32767,32767,32767,32767,32767,32767,32767,32767,32767,32767,32767,32767,32767,32767,32767,32767,39,-5,0,32767,32767,32767,32767,32767,168,32767,32767,32767,214,32767,342,156,256,32767,32767,287,314,328,652,32767,32767,694,647,184,218,222,223,210,214,32767,252,32767,32767,32767,291,32767,302,278,266,308,289,32767,338,32767,450,32767,32767,363,32767,362,495,450,579,591,595,657,636,743,680,706]} 1. e4 {[%emt 0:00:00]} e5 {[%emt 0:00:00]} 2. Nf3 {[%emt 0:00:00]} Nc6 {[%emt 0:00:00]} 3. d4 {[%emt 0:00:00]} exd4 {[%emt 0:00:00]} 4. Nxd4 {[%emt 0:00:00]} Bc5 {[%emt 0:00:26]} 5. Nb3 {[%emt 0:00:07]} Bb6 {[%emt 0:00:03]} 6. Nc3 {[%emt 0:00:07]} Nf6 {[%emt 0:00:09]} 7. Bg5 {[%emt 0:00:11]} h6 {[%emt 0:00:53]} 8. Bh4 {[%emt 0:00:03]} g5 {[%emt 0:10:47] LiveBook: 4 Games C45: Scotch Game} 9. Bg3 {[%emt 0:00:03]} Qe7 {[%emt 0:01:43]} 10. f3 {[%emt 0:01:12]} d6 {[%emt 0:06:10]} 11. Bb5 {[%emt 0:04:43]} (11. Qd2 Bd7 12. h4 Rg8 13. O-O-O O-O-O 14. hxg5 hxg5 15. Rh6 Be6 16. Bb5 Bxb3 17. axb3 {1-0 (41) Navara,D (2726)-Malakhov,V (2691) Antalya 2017}) 11... Bd7 {[%emt 0:06:56]} 12. Qd2 {[%emt 0:04:47]} a6 {[%emt 0:04:31]} 13. Bxc6 {[%emt 0:00:42]} Bxc6 {[%emt 0:01:32]} 14. O-O-O {[%emt 0:00:44]} O-O-O {[%emt 0:05:01]} 15. Rhe1 $146 {[%emt 0:03:44]} ({Predecessor:} 15. Bf2 Nd7 16. Nd4 Bxd4 17. Bxd4 {0-1 (45) Warr Esser,A (1883)-Den Dunnen,L (1890) Murmansk 2016}) 15... Rhe8 {[%emt 0:23:10]} 16. Bf2 {[%emt 0:03:44]} Bxf2 {[%emt 0:03:40]} 17. Qxf2 {[%emt 0:00:58]} Kb8 {[%emt 0:00:51]} 18. Na5 {[%emt 0:04:33]} Bd7 {[%emt 0:05:03]} 19. g3 {[%emt 0:14:21]} b6 {[%emt 0:07:10]} 20. Nc4 {[%emt 0:02:07]} Bc8 {[%emt 0:02:07]} 21. Ne2 {[%emt 0:09:39]} Bb7 {[%emt 0:08:43]} 22. Nd4 {[%emt 0:04:08]} g4 {[%emt 0:02:45]} 23. e5 {[%emt 0:02:18]} Nd5 {[%emt 0:07:32]} 24. exd6 {[%emt 0:01:38]} Qf6 {[%emt 0:01:12]} 25. dxc7+ {[%emt 0:01:45]} Nxc7 {[%emt 0:01:11]} 26. Rxe8 {[%emt 0:01:11]} Rxe8 27. f4 {[%emt 0:01:09]} Ka7 $2 {[%emt 0:00:46] [#]} (27... b5 {ist wohl besser.}) 28. Qg1 {[%emt 0:04:35]} ({White should try} 28. Nf5 $1 $18 {[%mdl 512]} Bd5 (28... Qxf5 29. Qxb6+) 29. Nfd6 Bxc4 30. Nxc4 (30. Nxe8 Nxe8 31. Rd7+ Kb8 $14)) 28... Rc8 {[%emt 0:00:41]} (28... Nd5 $16 {was called for.} 29. c3 h5) 29. Ne5 {[%emt 0:01:18]} Nb5 {[%emt 0:00:07]} 30. Nxb5+ {[%emt 0:01:41]} ({Much less strong is} 30. Nxg4 $6 Nxd4 31. Nxf6 Ne2+ 32. Kd2 Nxg1 $18) 30... axb5 31. Qe3 {[%emt 0:02:25]} (31. Nxg4 Qe6 $14) 31... Qe6 $2 {[%emt 0:01:31]} (31... b4 32. Qb3 Qe7 33. Qxf7 Qc5) 32. Qa3+ {[%emt 0:00:38]} Kb8 {[%emt 0:00:01]} 33. Nd7+ {[%emt 0:01:53]} Kc7 {[%emt 0:00:02] [#]} 34. Qc3+ $2 {[%emt 0:01:11]} (34. f5 $1 {[%mdl 512]} Qxd7 (34... Qxf5 35. Qd6+) 35. Rxd7+ Kxd7 36. Qd3+ Ke7 37. Qxb5) 34... Bc6 {[%emt 0:00:02]} 35. Ne5 {[%emt 0:01:15]} Kb7 {[%emt 0:00:45]} 36. Qb3 {[%emt 0:01:39]} Qxb3 {[%emt 0:01:10]} 37. axb3 {[%emt 0:00:02]} Be4 {[%emt 0:01:09]} (37... f5 $142 38. Rd6 Be4) 38. c3 {[%emt 0:00:27]} f5 {[%emt 0:00:19]} 39. Nf7 {[%emt 0:00:45]} Kc7 {[%emt 0:00:49]} 40. Nd6 {[%emt 0:00:00]} Rh8 {[%emt 0:00:00]} 41. Nxb5+ {[%emt 0:02:39]} Kc6 {[%emt 0:01:58]} 42. c4 {[%emt 0:01:04]} Kc5 {[%emt 0:02:38]} 43. Nc3 {[%emt 0:03:43]} Bf3 {[%emt 0:03:16]} 44. Re1 {[%emt 0:01:01]} Ra8 {[%emt 0:10:45]} 45. Re5+ {[%emt 0:00:49]} Kc6 {[%emt 0:00:46]} 46. Kb1 {[%emt 0:04:08]} Rf8 {[%emt 0:08:44]} 47. b4 {[%emt 0:01:30]} Rd8 {[%emt 0:00:33]} 48. Kc2 {[%emt 0:00:32]} Ra8 {[%emt 0:00:54]} 49. Rxf5 {[%emt 0:01:05]} Ra1 {[%emt 0:00:37]} 50. Rf6+ {[%emt 0:00:11]} Kb7 {[%emt 0:00:17]} 51. Rxh6 {[%emt 0:00:23]} Rg1 {[%emt 0:00:08]} 52. f5 $18 {[%emt 0:00:54]} 1-0

[Event "FIDE WCCC U12 2018"]
[Site "Santiago de Compostela"]
[Date "2018.11.13"]
[Round "9"]
[White "Suleymanli, Suleyman"]
[Black "Razafindratsima, Timothe"]
[Result "0-1"]
[WhiteElo "1882"]
[BlackElo "2092"]
[Annotator "NA RC"]
[PlyCount "152"]
[EventDate "2018.11.04"]
[EventType "swiss"]
[EventCountry "ESP"]
[SourceTitle "playchess.com"]
[Source "ChessBase"]
[SourceQuality "1"]
[TimeControl "40/5400+30:1800+30"]

{[%evp 8,144,38,31,31,32767,33,13,32767,15,20,32767,23,10,10,4,18,-11,2,0,18,-49,32767,32767,32767,32767,32767,32767,32767,32767,32767,32767,32767,32767,32767,32767,32767,32767,32767,-96,32767,32767,-101,32767,32767,-107,32767,32767,-125,-112,32767,-83,-70,-85,-82,32767,32767,-94,-89,-74,-70,-96,32767,32767,32767,32767,-252,32767,32767,-311,-178,32767,32767,-270,-267,32767,-256,-324,32767,32767,-268,-279,-235,32767,-246,-354,-281,-393,-378,-2575,32767,-348,32767,-1788,-146,-141,32767,-227,-225,-336,-432,-986,-1270,-808,32767,32767,32767,32767,32767,32767,32767,-1868,32767,-4779,-1027,-29976,-29979,-12844,-29979,-29979,-12846,-29983,-29984,-29984,-29984,-29984,-29985,-29983,-29986,-29986,-29987,-29987,-29988,-29989,-29988,-29990,-29991,-29991,-29992]} 1. d4 {[%emt 0:00:00]} Nf6 {[%emt 0:00:00]} 2. c4 {[%emt 0:00:00]} g6 {[%emt 0:00:00]} 3. Nc3 {[%emt 0:00:00]} d5 {[%emt 0:00:00]} 4. cxd5 {[%emt 0:00:02]} Nxd5 {[%emt 0:00:00]} 5. e4 {[%emt 0:00:19]} Nxc3 {[%emt 0:00:00]} 6. bxc3 {[%emt 0:00:10]} Bg7 {[%emt 0:00:05]} 7. Bc4 {[%emt 0:00:35]} O-O {[%emt 0:01:33]} 8. Ne2 {[%emt 0:00:12]} Nc6 {[%emt 0:00:06]} 9. O-O {[%emt 0:01:32]} b6 {[%emt 0:00:21]} 10. Be3 {[%emt 0:00:51]} Na5 {[%emt 0:00:45]} 11. Bd3 {[%emt 0:01:02]} c5 {[%emt 0:01:48] LiveBook: 300 Games} 12. dxc5 {[%emt 0:07:32] D87: Grünfeldindisch (Abtauschvariante, Botwinnik-Variante)} (12. Rc1 e5 13. dxc5 Be6 14. c4 bxc5 15. Bxc5 Bh6 16. Rc3 Re8 17. Qc2 Qc7 18. Ba3 Rab8 19. h3 Red8 20. Bc1 {1-0 (70) Aronian,L (2764)-Mamedyarov,S (2808) Stavanger 2018}) 12... Qc7 {[%emt 0:00:56]} 13. cxb6 {[%emt 0:02:00]} axb6 {[%emt 0:00:05]} 14. Bd4 {[%emt 0:01:49]} (14. Nd4 $11) 14... e5 {[%emt 0:11:03]} 15. Be3 {[%emt 0:01:07]} Nc4 $146 {[%emt 0:03:23]} ({Vorgänger:} 15... Be6 16. Rb1 Nc4 17. Bxc4 Bxc4 18. Bxb6 Qc6 19. f3 Rfb8 {0-1 (33) Santos,C (2112)-Von Buelow,G (2390) Rio de Janeiro 2008}) 16. Qc1 {[%emt 0:07:33]} Be6 {[%emt 0:02:44]} 17. a3 {[%emt 0:07:40]} Rfd8 {[%emt 0:04:04]} 18. Bxc4 {[%emt 0:05:43]} Qxc4 {[%emt 0:02:51]} 19. Qc2 {[%emt 0:03:03]} b5 {[%emt 0:01:58]} 20. Rfe1 {[%emt 0:15:33]} Bf8 {[%emt 0:07:14]} 21. Bg5 {[%emt 0:06:10]} Rdc8 {[%emt 0:08:53]} 22. Bf6 {[%emt 0:07:43]} Qc5 {[%emt 0:09:32]} 23. Qb2 {[%emt 0:06:47]} Bc4 {[%emt 0:02:44]} 24. Ng3 {[%emt 0:07:20]} Rc6 {[%emt 0:06:53]} 25. Bg5 {[%emt 0:02:06]} Rca6 {[%emt 0:04:04]} 26. Be3 {[%emt 0:03:13]} Qc6 {[%emt 0:00:23]} 27. Red1 {[%emt 0:01:59]} Bxa3 {[%emt 0:06:51]} 28. Qd2 {[%emt 0:00:48]} Be7 {[%emt 0:01:54]} 29. Rxa6 {[%emt 0:00:47]} Qxa6 {[%emt 0:00:27]} 30. Bh6 {[%emt 0:03:02]} Qb6 {[%emt 0:06:04]} 31. h3 {[%emt 0:02:44]} f6 {[%emt 0:03:25]} 32. Qd7 {[%emt 0:02:28] [#]} Kf7 $1 {[%emt 0:00:51]} 33. Nf5 {[%emt 0:01:59]} gxf5 {[%emt 0:07:09]} 34. Qxf5 {[%emt 0:00:07]} Qe6 {[%emt 0:00:20]} 35. Qxh7+ {[%emt 0:00:27]} Ke8 {[%emt 0:00:07]} 36. Qg6+ {[%emt 0:01:56]} Qf7 {[%emt 0:00:06]} 37. Qg4 {[%emt 0:00:20]} Be6 {[%emt 0:02:16]} 38. Qe2 {[%emt 0:00:43]} Rb8 {[%emt 0:00:36]} 39. g4 {[%emt 0:00:48]} Qg6 {[%emt 0:01:05]} 40. Bc1 {[%emt 0:00:00]} Kf7 {[%emt 0:00:00]} 41. f4 {[%emt 0:04:08]} exf4 {[%emt 0:02:19]} 42. Bxf4 {[%emt 0:00:49]} Rh8 {[%emt 0:00:44]} 43. Kg2 {[%emt 0:00:52]} Rc8 {[%emt 0:04:33]} 44. Qf3 {[%emt 0:01:59]} Rc4 {[%emt 0:03:42]} 45. Rd4 {[%emt 0:02:09]} Ra4 {[%emt 0:03:59]} 46. Kg3 {[%emt 0:04:37]} Ra2 {[%emt 0:01:29]} 47. Qd3 {[%emt 0:00:34]} Rb2 {[%emt 0:05:02]} 48. Bd6 $2 {[%emt 0:08:18]} (48. Qf3) 48... Qg5 {[%emt 0:03:10]} 49. Bf4 {[%emt 0:01:12]} Qg8 {[%emt 0:05:49]} 50. Bd6 $2 {[%emt 0:03:41] [#]} (50. Qf3) 50... Rb3 $2 {[%emt 0:01:48]} (50... Bxg4 $1 $19 {[%mdl 512] has better winning chances.} 51. hxg4 Qh8) 51. e5 {[%emt 0:01:54]} f5 {[%emt 0:01:14]} 52. Rf4 $2 {[%emt 0:01:16]} (52. Bxe7 $15 Kxe7 53. Qe3) 52... Qc8 {[%emt 0:00:54]} 53. Rf3 {[%emt 0:00:27] [#]} b4 $1 {[%emt 0:06:08]} 54. gxf5 $2 {[%emt 0:03:45]} (54. Bxb4 Bxb4 55. gxf5) 54... Qg8+ {[%emt 0:00:06]} 55. Kf2 {[%emt 0:01:01]} Bh4+ {[%emt 0:00:33]} 56. Kf1 {[%emt 0:00:49]} Rb1+ {[%emt 0:02:31]} 57. Qxb1 {[%emt 0:00:09]} Bc4+ {[%emt 0:00:05]} 58. Rd3 {[%emt 0:00:06]} Qg5 {[%emt 0:01:20]} 59. Qd1 $2 {[%emt 0:02:03]} (59. e6+ $11 Ke8 60. f6 Qxf6+ 61. Kg2 Qg6+ 62. Kh2 Qxd3 63. Qxd3 Bxd3 64. cxb4) 59... Qxf5+ {[%emt 0:00:37]} 60. Kg1 {[%emt 0:01:21]} Bxd3 {[%emt 0:00:37]} 61. Qg4 {[%emt 0:00:34]} Qxg4+ {[%emt 0:00:19]} 62. hxg4 {[%emt 0:00:09]} bxc3 {[%emt 0:00:11]} 63. Bb4 {[%emt 0:00:21]} Be1 {[%emt 0:00:21]} 64. Bxc3 {[%emt 0:00:06]} Bxc3 {[%emt 0:00:06]} 65. Kf2 {[%emt 0:00:07]} Bxe5 {[%emt 0:00:07]} 66. Ke3 {[%emt 0:00:05]} Bg6 {[%emt 0:00:10]} 67. g5 {[%emt 0:00:05]} Ke6 {[%emt 0:00:04]} 68. Kf3 {[%emt 0:00:06]} Kf5 {[%emt 0:00:12]} 69. Ke3 {[%emt 0:00:05]} Kxg5 {[%emt 0:00:05]} 70. Kf3 {[%emt 0:00:06]} Bd4 {[%emt 0:00:14]} 71. Kg3 {[%emt 0:00:15]} Be4 {[%emt 0:00:07]} 72. Kh3 {[%emt 0:00:10]} Kf4 {[%emt 0:00:15]} 73. Kh4 {[%emt 0:00:16]} Bg6 {[%emt 0:00:06]} 74. Kh3 {[%emt 0:00:09]} Kf3 {[%emt 0:00:01]} 75. Kh2 {[%emt 0:00:11]} Bf5 {[%emt 0:00:07]} 76. Kh1 {[%emt 0:00:07]} Kf2 {[%emt 0:00:04]} 0-1

[Event "FIDE WCCC U12 2018"]
[Site "Santiago de Compostela"]
[Date "2018.11.13"]
[Round "9"]
[White "Ermachenko, Manuel"]
[Black "Mekhane, Adam"]
[Result "0-1"]
[WhiteElo "1862"]
[BlackElo "2065"]
[Annotator "NA RC"]
[PlyCount "94"]
[EventDate "2018.11.04"]
[EventType "swiss"]
[EventCountry "ESP"]
[SourceTitle "playchess.com"]
[Source "ChessBase"]
[SourceQuality "1"]
[TimeControl "40/5400+30:1800+30"]

1. e4 e5 2. Nf3 Nc6 3. Bb5 a6 4. Ba4 d6 5. c3 Bd7 6. O-O g6 7. d3 Bg7 {LiveBook: 5 Games} 8. Nbd2 {C72: Ruy Lopez: Deferred Steinitz: 5 0-0} Nge7 9. b4 O-O (9... b5 $5 {[%cal Rb5a4]} 10. Bc2 a5 $11) 10. Bb3 h6 $146 ({Predecessor:} 10... Kh8 11. Bb2 Ng8 12. d4 f5 13. d5 Nce7 14. c4 f4 15. c5 h6 {0-1 (40) Pabalan,R (2136)-Sharif,M (2425) Sharjah 2016}) 11. Re1 Kh7 12. Bb2 f5 13. h3 f4 14. a3 g5 15. Nh2 Qe8 16. Rc1 Qg6 17. f3 h5 18. Qe2 Ng8 19. Qf2 Nh6 20. Bd1 Bf6 21. d4 Rg8 22. Kf1 Rg7 23. Ke2 Ne7 24. Kd3 Nd5 25. Nhf1 exd4 (25... Nb6 $17 26. Bb3 g4 27. hxg4 hxg4) 26. cxd4 Bb5+ 27. Nc4 $2 (27. Kc2 $11 {and White is okay.}) 27... Nb6 28. a4 Bxc4+ 29. Rxc4 Nxc4 30. Kxc4 Qf7+ 31. Kd3 {[#]} b5 ({Better is} 31... c5 $1 $19 32. bxc5 dxc5) 32. Qc2 Qd7 33. a5 Rc8 34. Ke2 Kh8 35. Qd3 (35. Qd2 $17) 35... g4 36. Bc2 $2 (36. hxg4 hxg4 37. Nd2 gxf3+ 38. Qxf3) 36... gxh3 37. gxh3 Re8 38. Kd1 Qxh3 39. Nd2 {[#]} Nf7 (39... Nf5 $142 $1 {[%mdl 512]} 40. Bc3 (40. exf5 Rxe1+) 40... Bh4) 40. e5 Bh4 41. e6 $2 (41. Rf1) 41... Rxe6 42. Rf1 d5 43. Qc3 Nd6 44. Qc6 Nc4 45. Qa8+ Rg8 46. Qxd5 {[#]} Qxf1+ $1 47. Nxf1 Re1# 0-1

[Event "FIDE WCCC U12 2018"]
[Site "Santiago de Compostela"]
[Date "2018.11.13"]
[Round "9"]
[White "Sethuraman, Sandeep"]
[Black "Silich, Yahor"]
[Result "1-0"]
[WhiteElo "1837"]
[BlackElo "2058"]
[Annotator "NA RC"]
[PlyCount "99"]
[EventDate "2018.11.04"]
[EventType "swiss"]
[EventCountry "ESP"]
[SourceTitle "playchess.com"]
[Source "ChessBase"]
[SourceQuality "1"]
[TimeControl "40/5400+30:1800+30"]

1. d4 {[%emt 0:00:00]} Nf6 {[%emt 0:00:00]} 2. c4 {[%emt 0:00:00]} d6 {[%emt 0:00:00]} 3. Nc3 {[%emt 0:00:00]} Nbd7 {[%emt 0:00:00]} 4. Nf3 {[%emt 0:00:00]} g6 {[%emt 0:00:07] LiveBook: 482 Games} 5. Bf4 {[%emt 0:00:00]} Bg7 {[%emt 0:00:31]} 6. e3 {[%emt 0:00:08] E61: King's Indian: Early deviations for White, including Smyslov System} (6. h3 O-O 7. e3 a6 8. Be2 c6 9. O-O b5 10. Rc1 bxc4 11. Bxc4 Nb6 12. Be2 Nbd5 13. Nxd5 Nxd5 14. Bh2 Qb6 15. e4 Nc7 16. e5 d5 17. Qc2 Bd7 18. Bf4 {½-½ (71) Papaioannou,I (2597)-Nikolaidis,I (2557) Achaea 2012}) 6... Nh5 {[%emt 0:00:43]} 7. Bg5 {[%emt 0:00:10]} h6 {[%emt 0:00:49]} 8. Bh4 {[%emt 0:00:06]} g5 {[%emt 0:01:26]} 9. Nd2 {[%emt 0:00:32]} Ndf6 {[%emt 0:03:19]} 10. Be2 {[%emt 0:00:44]} gxh4 {[%emt 0:01:35]} 11. Bxh5 {[%emt 0:00:08]} c6 $146 {[%emt 0:10:11]} ({Predecessor:} 11... Nxh5 12. Qxh5 e5 13. dxe5 Bxe5 {0-1 (31) Barle,J (2400)-Sebenik,M (2465) Ljubljana 2007}) 12. Bf3 {[%emt 0:10:57]} Be6 {[%emt 0:10:42]} 13. d5 {[%emt 0:08:38]} Bd7 {[%emt 0:06:13]} 14. Qb3 {[%emt 0:05:05]} Qb6 {[%emt 0:04:44]} 15. Qxb6 {[%emt 0:07:46]} axb6 {[%emt 0:00:04]} 16. h3 {[%emt 0:00:41]} O-O {[%emt 0:06:04]} 17. O-O {[%emt 0:04:54]} Rfc8 {[%emt 0:01:53]} 18. a3 {[%emt 0:07:51]} Nh7 {[%emt 0:13:47]} 19. Rfc1 {[%emt 0:03:08]} Nf8 {[%emt 0:01:32]} 20. Be4 {[%emt 0:04:30]} Ng6 {[%emt 0:06:08]} 21. Rc2 {[%emt 0:02:49]} e5 {[%emt 0:08:00]} (21... f5 $11 22. Bf3 f4) 22. dxc6 {[%emt 0:08:13]} bxc6 {[%emt 0:00:41]} 23. Bxg6 {[%emt 0:00:23]} fxg6 {[%emt 0:00:10]} 24. Nde4 {[%emt 0:00:12]} d5 {[%emt 0:04:50]} 25. cxd5 {[%emt 0:00:41]} cxd5 {[%emt 0:00:08]} 26. Rd2 {[%emt 0:00:32]} d4 {[%emt 0:11:31]} 27. Nd5 {[%emt 0:02:09]} Rd8 {[%emt 0:01:02]} 28. Nxb6 {[%emt 0:00:56]} Rab8 {[%emt 0:00:41]} 29. Nxd7 {[%emt 0:01:16]} Rxd7 {[%emt 0:00:01]} 30. b4 {[%emt 0:01:24]} Ra7 {[%emt 0:00:22]} 31. Raa2 {[%emt 0:02:53]} Rb6 {[%emt 0:01:22]} 32. Nc5 {[%emt 0:03:23]} Kf7 {[%emt 0:01:03]} 33. e4 {[%emt 0:03:39]} (33. Kf1 $18) 33... Bf8 {[%emt 0:02:15]} 34. Nd3 {[%emt 0:08:54]} Bd6 {[%emt 0:01:07]} 35. Rdb2 {[%emt 0:00:53]} Ra4 {[%emt 0:00:20]} 36. Rb3 {[%emt 0:00:30]} Ke6 {[%emt 0:00:21] [#]} 37. Nb2 $1 {[%emt 0:01:34]} Ra8 {[%emt 0:01:12]} 38. b5 {[%emt 0:01:21]} Rb7 {[%emt 0:00:47]} 39. a4 {[%emt 0:00:30]} Rba7 {[%emt 0:00:30]} (39... Rab8 $142 40. Nc4 Rc8) 40. b6 {[%emt 0:00:00]} Rb7 {[%emt 0:00:00]} 41. a5 {[%emt 0:04:06]} Bc5 {[%emt 0:02:11]} 42. Nd3 {[%emt 0:00:47]} Bd6 {[%emt 0:00:52]} 43. a6 {[%emt 0:00:44]} Kd7 {[%emt 0:00:15]} 44. Nc5+ {[%emt 0:00:08]} Bxc5 {[%emt 0:00:30]} 45. axb7 {[%emt 0:04:00]} Rb8 {[%emt 0:00:00]} 46. Ra8 {[%emt 0:00:41]} Rxb7 {[%emt 0:01:14]} 47. Rg8 {[%emt 0:00:17]} Rxb6 {[%emt 0:00:41]} 48. Rg7+ {[%emt 0:00:09]} Ke8 {[%emt 0:00:01]} 49. Rxb6 {[%emt 0:00:13]} Bxb6 50. Rxg6 $18 1-0

[Event "FIDE WCCC U12 2018"]
[Site "Santiago de Compostela"]
[Date "2018.11.13"]
[Round "9"]
[White "Yavuz, Efe Metehan"]
[Black "Tian, Eddy"]
[Result "1-0"]
[WhiteElo "1828"]
[BlackElo "2151"]
[Annotator "ChessBase"]
[PlyCount "86"]
[EventDate "2018.11.04"]
[EventType "swiss"]
[EventCountry "ESP"]
[SourceTitle "playchess.com"]
[Source "ChessBase"]
[SourceQuality "1"]
[TimeControl "40/5400+30:1800+30"]

1. e4 {[%emt 0:00:00]} c5 {[%emt 0:00:00]} 2. Nf3 {[%emt 0:00:00]} e6 {[%emt 0:00:00]} 3. d4 {[%emt 0:10:38]} cxd4 {[%emt 0:00:06]} 4. Nxd4 {[%emt 0:00:06]} Nc6 {[%emt 0:00:05]} 5. Nc3 {[%emt 0:00:37]} Qc7 {[%emt 0:00:09]} 6. Be3 {[%emt 0:01:22]} a6 {[%emt 0:00:06]} 7. Be2 {[%emt 0:00:46]} Nf6 {[%emt 0:00:41]} 8. O-O {[%emt 0:00:23]} Be7 {[%emt 0:00:37]} 9. Qd2 {[%emt 0:01:05]} O-O {[%emt 0:00:55]} 10. Kh1 {[%emt 0:00:52]} d6 {[%emt 0:01:29]} 11. f4 {[%emt 0:00:22]} Rd8 {[%emt 0:03:30]} 12. Bf3 {[%emt 0:01:46]} Na5 {[%emt 0:01:57]} 13. b3 {[%emt 0:03:59]} Bd7 {[%emt 0:09:34]} 14. Nce2 {[%emt 0:07:22]} e5 {[%emt 0:00:55]} 15. c4 {[%emt 0:30:31]} exd4 {[%emt 0:00:17]} 16. Bxd4 {[%emt 0:00:09]} Nc6 {[%emt 0:01:42]} 17. Bb2 {[%emt 0:01:14]} Rac8 {[%emt 0:02:20]} 18. Nc3 Re8 {[%emt 0:04:41]} 19. h3 {[%emt 0:01:22]} h5 {[%emt 0:03:27]} 20. g4 {[%emt 0:03:09]} h4 {[%emt 0:09:20]} 21. Rg1 {[%emt 0:02:32]} Qa5 {[%emt 0:05:19]} 22. a3 {[%emt 0:01:29]} Qb6 {[%emt 0:01:05]} 23. b4 {[%emt 0:04:47]} Be6 {[%emt 0:04:47]} 24. g5 {[%emt 0:00:51]} Nd7 {[%emt 0:01:41]} 25. c5 {[%emt 0:02:00]} dxc5 {[%emt 0:01:38]} 26. f5 {[%emt 0:00:23]} Bc4 {[%emt 0:01:44]} 27. f6 {[%emt 0:02:12]} Nde5 {[%emt 0:01:12]} 28. Bh5 {[%emt 0:02:55]} g6 {[%emt 0:03:35]} 29. fxe7 {[%emt 0:00:30]} gxh5 {[%emt 0:01:16]} 30. g6 {[%emt 0:01:20]} f6 {[%emt 0:03:29]} 31. Qh6 {[%emt 0:00:51]} Rxe7 {[%emt 0:00:23]} 32. g7 {[%emt 0:04:13]} Nf7 {[%emt 0:00:19]} 33. Qxf6 {[%emt 0:03:27]} cxb4 {[%emt 0:04:13]} 34. Nd5 {[%emt 0:01:09]} Bxd5 {[%emt 0:01:17]} 35. exd5 {[%emt 0:00:10]} Qe3 {[%emt 0:00:46]} 36. Kh2 {[%emt 0:03:03]} Qd2+ {[%emt 0:00:42]} 37. Rg2 {[%emt 0:00:57]} Qxd5 {[%emt 0:00:41]} 38. Kh1 {[%emt 0:00:35]} Rce8 {[%emt 0:00:38]} 39. Rag1 {[%emt 0:03:15]} bxa3 {[%emt 0:01:12]} 40. Bxa3 {[%emt 0:00:00]} Re3 {[%emt 0:00:00]} 41. Rf1 {[%emt 0:02:25]} Rxa3 {[%emt 0:00:53]} 42. Rf4 {[%emt 0:01:44]} Rxh3+ {[%emt 0:00:11]} 43. Kg1 {[%emt 0:00:06]} Rg3 {[%emt 0:00:17]} 1-0

[Event "FIDE WCCC U12 2018"]
[Site "Santiago de Compostela"]
[Date "2018.11.13"]
[Round "9"]
[White "Yavuz, Efe Metehan"]
[Black "Tian, Eddy"]
[Result "*"]
[WhiteElo "1828"]
[BlackElo "2151"]
[Annotator "TA"]
[PlyCount "42"]
[EventDate "2018.11.04"]
[EventType "swiss"]
[EventCountry "ESP"]
[SourceTitle "playchess.com"]
[Source "ChessBase"]
[SourceQuality "1"]

{[%evp 20,24,-7,0,18,27,21]} 1. e4 c5 2. Nf3 e6 3. d4 cxd4 4. Nxd4 Nc6 5. Nc3 Qc7 6. Be3 a6 7. Be2 Nf6 8. O-O Be7 9. Qd2 {B49: Sicilian: Taimanov: 5 Nc3 Qc7 6 Be3 a6 7 Be2} (9. f4 d6 10. Qe1 O-O 11. Qg3 Nxd4 12. Bxd4 b5 13. a3 Bb7 14. Rae1 Rad8 15. Bd3 Qd7 16. Nd1 Nh5 17. Qg4 Nf6 18. Qh3 e5 19. fxe5 Qxh3 20. gxh3 dxe5 21. Bxe5 Nd7 22. Bc7 {0-1 (60) Vachier Lagrave,M (2795)-Grischuk,A (2750) chess.com INT 2017}) 9... O-O 10. Kh1 d6 11. f4 {LiveBook: 4 Games} Rd8 12. Bf3 Na5 {Predecessor:} 13. Qe1 $146 Nc4 14. Bc1 Rb8 15. a4 Bd7 16. g4 b5 17. g5 Ne8 18. axb5 axb5 19. f5 b4 20. fxe6 bxc3 21. exf7+ Kxf7 {0-1 (39) Lengyel,B (2425)-Kindermann,S (2490) Stary Smokovec 1987} *